Let It Happen - Gracie Abrams - Statistics

General Stats
  • This quiz has been taken 269 times
  • The average score is 437 of 494
Answer Stats
Hint Answer % Correct
I
100%
(I
100%
a
99%
it
98%
it)
98%
it,
98%
all
97%
and
97%
Pre-Chorus And
97%
be
97%
happen
97%
in
97%
let
97%
my
97%
you
97%
you,
97%
You
97%
bet
96%
her
96%
here
96%
I'm
96%
(I'm
96%
know
96%
me
95%
me?
95%
me,
95%
money
95%
to
95%
for
94%
so
94%
that
94%
the
94%
Just
93%
time
93%
time)
93%
But
92%
but
92%
life
92%
Will
92%
will
92%
will)
92%
Don't
91%
love
91%
Verse 1 No,
91%
shows
91%
you're
91%
go
89%
hopin'
89%
lose
89%
yet
89%
yet,
89%
of
88%
something
88%
Turn
88%
walking
88%
probably
87%
still
87%
(Still)
87%
tragic
87%
we
87%
worth
87%
could
86%
into
86%
might
86%
then
86%
alone
85%
Here's
85%
it's
85%
It's
85%
contradiction,
84%
hoping
84%
is
84%
Is
84%
Now
84%
now,
84%
up
84%
at
83%
barely
83%
hand
83%
end
82%
have
82%
I'll
82%
out
82%
back
81%
fine
81%
Chorus I'd
81%
While
81%
again
80%
aware
80%
can
80%
control
80%
made
80%
this
80%
underwear
80%
being
79%
broke
79%
Got
79%
history
79%
hope
79%
house
79%
Pre-Chorus I've
79%
see
79%
somewhere
79%
wait
79%
how
78%
pourin'
78%
rain
78%
can't
77%
had
77%
spoke
77%
turned
77%
by
76%
Locked
76%
mean
76%
should
76%
die
75%
never
75%
Oh,
75%
these
75%
Bridge You've
75%
As
74%
as
74%
believe
74%
glass,
74%
half
74%
If
74%
night,
74%
not
74%
there
74%
whatever,
74%
Outro (Whatever
74%
minute
73%
reelin',
73%
skies
73%
lies
72%
much
72%
sleep
72%
someone's
72%
would
72%
yours,
72%
attention
71%
craved
71%
Get
71%
lookin'
71%
mirror
71%
myself
71%
seein'
71%
everything
70%
helps
70%
projecting
70%
thing
70%
Break
69%
God
69%
Lost
69%
mention
69%
only
69%
phone
69%
together,
69%
feelings,
68%
from
68%
shit
68%
spare
68%
tell
68%
thought
68%
vain,
68%
windows,
68%
thank
66%
through
66%
waitin'
66%
lack
64%
backbone
63%
'Cause
63%
Eatin'
63%
ready,
63%
Knowin'
62%
context,
61%
stay
58%
happens,
46%
letting
45%
No matching quizzes found
Score Distribution
Percent of People with Each Score
Percentile by Number Answered
Your Score History
You have not taken this quiz